| 000 | 00614nam a2200181Ia 4500 | ||
|---|---|---|---|
| 008 | 090630s9999 xx 000 0 und d | ||
| 082 | _b23281 | ||
| 100 | _aमाडखोलकर ग. त्र्यं. | ||
| 245 |
_aअकेला. _cमाडखोलकर ग. त्र्यं. |
||
| 260 |
_bअक्षय - पुणे. _c1999 |
||
| 300 | _a187 | ||
| 600 | _aमाडखोलकर ग. त्र्यं. | ||
| 630 | _aअकेला. | ||
| 655 | _aकादंबरी. | ||
| 700 | _aमाडखोलकर ग. त्र्यं. | ||
| 730 | _aअकेला. | ||
| 942 | _cBOOK | ||
| 999 |
_c275137 _d275137 |
||